| 000 | 01003nam a2200253 i 4500 | ||
|---|---|---|---|
| 003 | DO-SdBNP | ||
| 005 | 20250210090747.0 | ||
| 007 | ta | ||
| 008 | 240411b2023 dr ||||| |||| 00| 0 spa d | ||
| 020 | _a9789945182040 | ||
| 040 |
_ado-SdBNP _bspa _cBNPHU _erda |
||
| 082 | 4 |
_222 _bA333m |
|
| 100 | 1 |
_aZabala Lorenzo, Roque, _d1954- _eautora _974808 |
|
| 245 | 1 | 0 |
_aMaría Olaya Del Rosario de Belén de Sánchez madre del patricio Francisco Sánchez Del Rosario, dos veces defensor de la nación y la soberanía de República Dominicana / _cCelsa Albert Batista |
| 264 |
_aSanto Domingo : _bInstituto Dominicano de Estudios Africanos y Asiáticos Sebastian Lemba (INDAASEL), _c2023. |
||
| 300 |
_a39 páginas : _bilustraciones _c23 cm. |
||
| 336 |
_2rdacontent _atexto _btxt |
||
| 337 |
_2rdamedia _asin mediación _bn |
||
| 338 |
_2rdacarrier _avolumen _bnc |
||
| 500 | _aEn el titulo hay un error es Francisco Del Rosario Sánchez | ||
| 590 | _aInventariado, 2024/DG | ||
| 910 | _aDG | ||
| 942 |
_2ddc _cLF2 |
||
| 999 |
_c56339 _d56339 |
||